000 00648nam a2200277Ia 4500
005 20260324122227.0
008 008 260324s9999 xx 000 0 eng d
020 _a9780429188978
037 _aEBOOK
040 _aCRL
040 _beng
040 _cCRL
041 _2eng
041 _aeng
084 _qCRL
100 _aArun Datta
_91165622
245 0 _aProcess Engineering and Design Using Visual Basic
260 _bTaylor and Francis
260 _c2013
365 _a
365 _b400
856 _uhttp://www.taylorfrancis.com/books/9780429188978
942 _cEBOOK
999 _c1758193
_d1758193